=LDR 00000nam 2200000 4500 =001 INLIS000000000030002 =005 20130612132204 =008 ***********************************ind** =035 ##$$0010-061300000030002 =041 ##$$a ind =082 ##$$a 304.6 =090 ##$$a 304.6, POL t =100 ##$$a Pollard, A.H =245 ##$$a Teknik demografi, A.H Pollard, Farhat Yusuf =260 ##$$a 1989 $b Jakarta =300 ##$$a xii, 303 hlm., ilus., 21 cm =650 ##$$a Demografi, Teknik =700 ##$$a Yusuf, Farhat =850 ##$$a NBPNMAT